Catálogo

IL CHISCIOTTISMO TRAGICO DI UNAMUNO (Registro nro. 46740)

Detalles MARC
000 -LEADER
fixed length control field 00866nam a2200193 a 4500
001 - CONTROL NUMBER
control field 46740
005 - DATE AND TIME OF LATEST TRANSACTION
control field 20180714030429.0
008 - FIXED-LENGTH DATA ELEMENTS--GENERAL INFORMATION
fixed length control field 140415s1989 it 000 0 ita d
041 ## - LANGUAGE CODE
Language code of text/sound track or separate title ita
082 ## - DEWEY DECIMAL CLASSIFICATION NUMBER
Classification number 195
Item number OPE
100 1# - MAIN ENTRY--PERSONAL NAME
Personal name SCIACCA, MICHELE FEDERICO
245 10 - TITLE STATEMENT
Title IL CHISCIOTTISMO TRAGICO DI UNAMUNO
250 ## - EDITION STATEMENT
Edition statement 1a ed.
260 ## - PUBLICATION, DISTRIBUTION, ETC.
Place of publication, distribution, etc. ITALIA :
Name of publisher, distributor, etc. LEPOS,
Date of publication, distribution, etc. 1989
300 ## - PHYSICAL DESCRIPTION
Extent 146
Dimensions 14 x 1.3 x 22.5
490 ## - SERIES STATEMENT
Series statement OPERE DI MICHELE FEDERICO SCIACCA
520 ## - SUMMARY, ETC.
Summary, etc. SE NON AVESSI PUBBLICATO UN LIBRO CON IL TITOLO DIALOGO CON MAURIZIO BLONDEL, AVREI INTITOLATO QUESTO <<DIALOGO CON MIGUEL DE UNAMUNO>>; MA QUELLO CHE HO DATO AL SAGGIO RISPONDE MEGLIO AL SUO CONTENUTO. CERTO, ANCHE CON DON MIGUEL LA CONVIVENZA É ORMAI ANTICA E RISALE A QUASI QUARANT´ ANNI FA QUANDO MI CAPITÓ DI LEGGERE ALCUNI SUOI SAGGI.
650 14 - SUBJECT ADDED ENTRY--TOPICAL TERM
Topical term or geographic name entry element FILOSOFIA MODERNA
General subdivision ESPAA
Existencias
Withdrawn status Lost status Source of classification or shelving scheme Damaged status Not for loan Collection code Home library Current library Shelving location Date acquired Source of acquisition Inventory number Total Checkouts Full call number Barcode Date last seen Price effective from Koha item type
    Dewey Decimal Classification     General Biblioteca Karol Wojtyla Biblioteca Karol Wojtyla Sala general 03/12/2013 Compra 151000000000000000062446   195 OPE 70103 05/01/2026 03/12/2013 Libro